Chanson de danse Eval 1 - Star Academy 2023 - Statistiques

Statistiques générales
  • Ce quiz a été pris 687 fois
  • Le résultat moyen est 8 sur 13
Statistiques - réponses
Hint Réponse % Correct
Héléna Tattoo
81%
Victorien Comportement
77%
Julien Tattoo
75%
Pierre Tattoo
71%
Axel Tattoo
69%
Lola Tattoo
69%
Clara Tattoo
64%
Margot Tattoo
64%
Louis Tattoo
59%
Lenie Comportement
55%
Marie-Maud Comportement
47%
Candice Comportement
42%
Djebril Tattoo
39%
Aucun quiz correspondant
Distribution des résultats
% des personnes avec chaque résultat
Percentile par nombre de réponses
Votre historique - résultats
Vous n’avez pas pris ce quiz